serun
ՀԱՅ ԳԻՐՔ = Armenian Book

Архитектура и градостроительство южных городов с учетом местных условий : (Record no. 58887)

000 -LEADER
fixed length control field 01322nam a2200241 a 4500
001 - CONTROL NUMBER
control field 000395746
003 - CONTROL NUMBER IDENTIFIER
control field AM-YeNLA
005 - DATE AND TIME OF LATEST TRANSACTION
control field 20160408110005.0
008 - FIXED-LENGTH DATA ELEMENTS--GENERAL INFORMATION
fixed length control field 041214s1991 ai 000 | rus d
040 ## - CATALOGING SOURCE
Original cataloging agency AM-YeNLA
Transcribing agency
041 0# - LANGUAGE CODE
Language code of text/sound track or separate title rus
-- arm
245 00 - TITLE STATEMENT
Title Архитектура и градостроительство южных городов с учетом местных условий :
Remainder of title Межвуз. сб. науч. тр. /
Statement of responsibility, etc. Гос. ком. по науке и высш. образованию РА. Ереван. архит.-строит. ин-т; Редкол.: А.Ф.Агалян ( отв. ред. ) и др.
260 ## - PUBLICATION, DISTRIBUTION, ETC. (IMPRINT)
Place of publication, distribution, etc. Ереван :
Name of publisher, distributor, etc. ЕрАСИ ,
Date of publication, distribution, etc. 1991.
300 ## - PHYSICAL DESCRIPTION
Extent 102 с. :
Other physical details схем., табл. ;
Dimensions 20 см.
504 ## - BIBLIOGRAPHY, ETC. NOTE
Bibliography, etc Библиогр. в конце ст.
546 ## - LANGUAGE NOTE
Language note Текст : рус., арм.
650 14 - SUBJECT ADDED ENTRY--TOPICAL TERM
Topical term or geographic name as entry element Архитектура южных городов
653 2# - INDEX TERM--UNCONTROLLED
Uncontrolled term градостроительство южных городов
700 1# - ADDED ENTRY--PERSONAL NAME
Personal name Աղալյան, Արմեն Ֆրեյդունի,
Dates associated with a name 1930-
Relator term отв. ред.
Relator code edt
9 (RLIN) 31369
710 2# - ADDED ENTRY--CORPORATE NAME
Corporate name or jurisdiction name as entry element Государственный комитет по науке и высшему образованию РА
710 2# - ADDED ENTRY--CORPORATE NAME
Corporate name or jurisdiction name as entry element Ереванский архитектурно-строительный институт
942 ## - ADDED ENTRY ELEMENTS (KOHA)
Koha item type Books

No items available.

Հայաստանի ազգային գրադարան ՀՀ, 0009,Երևան, Տերյան 72
Հետադարձ կապ